书目信息 |
| 题名: |
医学免疫学与医学微生物学
|
|
| 作者: | 李晓辉 , 张建琼 主编 | |
| 分册: | ||
| 出版信息: | 北京 科学出版社 2001.08 |
|
| 页数: | 461页 | |
| 开本: | 26cm | |
| 丛书名: | 21世纪高等医学院校教材 | |
| 单 册: | ||
| 中图分类: | R392-43 | |
| 科图分类: | ||
| 主题词: | 医药学:免疫学 | |
| 电子资源: | ||
| ISBN: | 7-03-009469-7 | |
| 000 | 00797nam0 2200241 45 | |
| 001 | 0212240909 | |
| 005 | 20021224093624.2 | |
| 010 | @a7-03-009469-7@d39.00元 | |
| 100 | @a20021224d2001 km y0chiy0120 ea | |
| 101 | 0 | @achi |
| 105 | @a z 000yy | |
| 200 | 1 | @a医学免疫学与医学微生物学@AYi Xue Mian Yi Xue Yu Yi Xue Wei Sheng Wu Xue@f李晓辉,张建琼主编@FLi Xiao Hui,Zhang Jian Qiong Zhu Bian |
| 210 | @a北京@c科学出版社@d2001.08 | |
| 215 | @a461页@d26cm | |
| 225 | @a21世纪高等医学院校教材 | |
| 300 | @a供成人专升本临床医学、护理学、预防医学、口腔医学专业使用 | |
| 410 | @12001 @a21世纪高等医学院校教材 | |
| 606 | 0 | @a医药学:免疫学 |
| 690 | @aR392-43@v3 | |
| 701 | 0 | @a李晓辉@4主编 |
| 701 | 0 | @a张建琼@4主编 |
| 801 | @aCN@bPftUser@c20021224 | |
| 905 | @aBZT@b344157-161@dR392-43@e2@f5 | |
| 医学免疫学与医学微生物学/李晓辉,张建琼主编.-北京:科学出版社,2001.08 |
| 461页;26cm.-(21世纪高等医学院校教材) |
| 供成人专升本临床医学、护理学、预防医学、口腔医学专业使用 |
| ISBN 7-03-009469-7:39.00元 |
| ● |
| 相关链接 |
|
|
|
正题名:医学免疫学与医学微生物学
索取号:R392-43/2
 
预约/预借
| 序号 | 登录号 | 条形码 | 馆藏地/架位号 | 状态 | 备注 |
| 1 | 344157 | 201380674 | 中心书库中库/ 中库006架B面4列5层48/ [索取号:R392-43/2] | 在馆 | |
| 2 | 344158 | 201380665 | 中心书库中库/ 中库006架B面4列5层47/ [索取号:R392-43/2] | 在馆 | |
| 3 | 344159 | 201380692 | 中心书库中库/ 中库006架B面4列5层44/ [索取号:R392-43/2] | 在馆 | |
| 4 | 344160 | 201380683 | 中心书库中库/ 中库006架B面4列5层46/ [索取号:R392-43/2] | 在馆 | |
| 5 | 344161 | 201380718 | 中心书库中库/ 中库006架B面4列5层45/ [索取号:R392-43/2] | 在馆 |